000 00340pab a2200145 454500
008 180718b1998 xxu||||| |||| 00| 0 eng d
100 _aSingh, Satyindra
245 _aGovernor's role: is he an agent of the centre?
260 _c1998
300 _ap.8
362 _a6 Apr
650 _aGovernors
773 _aStatesman
909 _a38497
999 _c38497
_d38497